[Event "16th FAJR Open"]
[Site "Urmia IRI"]
[Date "2008.02.08"]
[Round "10"]
[White "Mahjoob,M"]
[Black "Mallahi,A"]
[Result "1/2-1/2"]
[WhiteElo "2504"]
[BlackElo "2397"]

1.e4 c5 2.Nf3 Nc6 3.Nc3 e5 4.Bc4 Be7 5.d3 d6 6.Nd2 Nf6 7.Nf1 Bg4 8.f3 Be6
9.Ne3 Nd7 10.O-O Bg5 11.Ncd5 Nb6 12.Nxb6 Bxe3+ 13.Bxe3 axb6 14.f4 Bxc4 15.dxc4 exf4
16.Bxf4 Ne5 17.b3 Qe7 18.Qd5 Rd8 19.Rad1 O-O 20.Rd2 Kh8 21.Rfd1 f6 22.a4 g6
23.h3 Nf7 24.Rf2 Kg7 25.Bd2 Ne5 26.Bc3 Rfe8 27.Rdf1 Rd7 28.Qd2 Qd8 29.Qf4 Re6
30.Rd2 Rf7 31.Rfd1 Qe7 32.Rd5 Rf8 33.Qd2 Nf7 34.Rf1 Kg8 35.h4 Ne5 36.Rf4 h5
37.Bxe5 fxe5 38.Rxf8+ Qxf8 39.Rd3 Rf6 40.g3 Kf7 41.Kg2 Ke7  1/2-1/2

[Event "FSIMA February"]
[Site "Budapest HUN"]
[Date "2008.02.09"]
[Round "8"]
[White "Steel,H"]
[Black "Schneider,Ve"]
[Result "1/2-1/2"]
[WhiteElo "2241"]
[BlackElo "2250"]

1.e4 c5 2.Nf3 Nc6 3.Nc3 e5 4.Bc4 d6 5.d3 Be7 6.O-O Be6 7.Re1 Rb8 8.a4 h6
9.Ne2 Nf6 10.Ng3 O-O 11.c3 a6 12.h3 Qd7 13.Nh4 b5 14.axb5 axb5 15.Bxe6 fxe6
16.Ng6 Rf7 17.f4 exf4 18.Bxf4 Kh7 19.Nxe7 Nxe7 20.Ra6 Ne8 21.Qg4 g5 22.Be3 Nc7
23.Ra7 Nc6 24.Raa1 Ne5 25.Qe2 c4 26.d4 Nd3 27.Rf1 Rbf8 28.b4 Nf4 29.Qc2 Nd3
30.Rxf7+ Qxf7 31.Ra7 Ra8 32.Rxa8 Nxa8 33.Qa2 Qb7 34.Qa5 Nc7 35.d5 exd5 36.Bb6 Ne6
37.Qxb5 Nef4 38.Kh2 Ne5 39.Nf5 dxe4 40.Nxd6 Qd5 41.Qxd5 Nxd5 42.Bd4 Nc6 43.Nxc4 Nxd4
44.cxd4 Nxb4 45.Kg1 Kg6 46.Kf2 Kf5 47.g3 Nc2 48.Ne3+ Nxe3 49.Kxe3 h5 50.h4 g4
51.Kf2 Ke6 52.Ke2 Kd6  1/2-1/2

[Event "4th Open A"]
[Site "Moscow RUS"]
[Date "2008.02.09"]
[Round "8"]
[White "Kislov,O"]
[Black "Kuznetsov,Vi2"]
[Result "0-1"]
[WhiteElo "2358"]
[BlackElo "2449"]

1.e4 c5 2.Nf3 Nc6 3.Nc3 Nf6 4.Bb5 Qc7 5.O-O a6 6.Bxc6 dxc6 7.e5 Nd5 8.Ne4 Bg4
9.c4 Nb6 10.b3 e6 11.Ba3 Nd7 12.d4 O-O-O 13.h3 Bxf3 14.Qxf3 cxd4 15.Nd6+ Bxd6
16.exd6 Qa5 17.b4 Qa4 18.b5 Ne5 19.Qg3 Nxc4 20.bxc6 Qxc6 21.Rac1 b5 22.Bb4 e5
23.f4 e4 24.Qxg7 d3 25.Qxf7 Kb8 26.Qf5 Rdf8 27.Qc5 Qxc5+ 28.Bxc5 d2 29.Rc3 Rxf4
30.Rd1 Rhf8 31.d7 Rf1+ 32.Kh2 Rxd1 33.Bxf8  0-1

[Event "4th Open A"]
[Site "Moscow RUS"]
[Date "2008.02.09"]
[Round "8"]
[White "Vakhlamov,I"]
[Black "Grechihin,V"]
[Result "1-0"]
[WhiteElo "2068"]
[BlackElo "2306"]

1.e4 c5 2.Nf3 Nc6 3.Nc3 d6 4.d4 cxd4 5.Nxd4 Nf6 6.f3 e6 7.Be3 Be7 8.Qd2 a6
9.g4 h6 10.h4 Bd7 11.O-O-O Qc7 12.Bh3 Nxd4 13.Bxd4 O-O-O 14.g5 hxg5 15.hxg5 Nh7
16.f4 Kb8 17.Bxg7 Rhg8 18.Bd4 Nf8 19.Be3 Bc6 20.Rhf1 d5 21.Qd4 dxe4 22.Qa7+ Kc8
23.f5 Qb8 24.fxe6 Rxd1+ 25.Nxd1 Nxe6 26.Rxf7  1-0

[Event "TCh-BEL 2007-8"]
[Site "Belgium BEL"]
[Date "2008.02.10"]
[Round "8"]
[White "Wantiez,F"]
[Black "Brunner,N"]
[Result "0-1"]
[WhiteElo "2311"]
[BlackElo "2428"]

1.e4 c5 2.Nc3 Nc6 3.Bb5 Nd4 4.Nf3 Nxb5 5.Nxb5 d6 6.d4 Nf6 7.Nc3 cxd4 8.Qxd4 e5
9.Qd3 h6 10.Qb5+ Qd7 11.Be3 Qc6 12.Nd2 Be6 13.Nb3 a6 14.Qxc6+ bxc6 15.f3 Rb8
16.O-O-O Be7 17.Na5 Kd7 18.h3 Kc7 19.f4 exf4 20.Bxf4 Nd7 21.Nb3 Bg5 22.g3 Ne5
23.h4 Bf6 24.Rhf1 Rb6 25.Nd4 Bg4 26.Bxe5 dxe5 27.Nde2 Rf8 28.Rd3 Be7 29.b3 Rb4
30.Kd2 Rbb8 31.Nd1 Bh3 32.Rf2 f5 33.Ne3 fxe4 34.Rxf8 Rxf8 35.Rc3 Be6  0-1

[Event "TCh-FIN 2007-8"]
[Site "Finland FIN"]
[Date "2008.02.10"]
[Round "7"]
[White "Paakkonen,T"]
[Black "Binham,T"]
[Result "1/2-1/2"]
[WhiteElo "2260"]
[BlackElo "2324"]

1.e4 c5 2.Nc3 Nc6 3.Nge2 g6 4.d4 cxd4 5.Nxd4 Bg7 6.Be3 Nf6 7.Bc4 O-O 8.Bb3 a5
9.f3 d5 10.exd5 Nb4 11.Nde2 a4 12.Nxa4 Nfxd5 13.Bf2 Bf5 14.O-O b5 15.Nac3 Nxc3
16.bxc3 Qxd1 17.Rfxd1 Bxc2 18.Rdc1 Bxb3 19.axb3 Na2 20.Rc2 Nxc3 21.Rxa8 Rxa8
22.Nxc3 Rc8 23.Be1 b4 24.Kf1 bxc3 25.Ke2 Rb8 26.Bxc3 Rxb3 27.Bxg7 Kxg7 28.h4 e5
29.Kf2 Rd3 30.Rc6 Rd2+ 31.Kg3 Rd7 32.Ra6 h5 33.Rb6 Rd4 34.Ra6 Rf4 35.Rb6 Rf6
36.Rb7 Re6 37.Ra7 Kf6 38.Rb7 Re7 39.Rb6+ Kf5 40.Rb5 Ra7 41.Rb6 Ra2 42.Rb7 f6
43.Rb6 Ra3 44.Kf2 Ra4 45.Kg3 Ra2 46.Rc6 Ra3 47.Kf2 Ra4 48.Kg3 g5 49.hxg5 fxg5
50.Rc8 h4+ 51.Kh3 Ra6 52.Rf8+ Rf6 53.Rg8 Kf4 54.Rg7 Rf5 55.Rg8 e4 56.fxe4 Ra5
57.g3+ hxg3 58.Rf8+ Kxe4  1/2-1/2

[Event "4th Open A"]
[Site "Moscow RUS"]
[Date "2008.02.10"]
[Round "9"]
[White "Efimenko,Z"]
[Black "Smirnov,P"]
[Result "1-0"]
[WhiteElo "2638"]
[BlackElo "2599"]

1.e4 c5 2.Nf3 Nc6 3.Nc3 e5 4.Bc4 Be7 5.d3 d6 6.O-O Nf6 7.h3 O-O 8.a3 Nd4
9.Nd5 h6 10.c3 Nxf3+ 11.Qxf3 Be6 12.Nxf6+ Bxf6 13.Bxe6 fxe6 14.Qg4 Kf7 15.f4 Ke7
16.fxe5 Bxe5 17.Be3 Qb6 18.b4 Bxc3 19.d4 g5 20.dxc5 Qa6 21.cxd6+ Kd7 22.Rad1 Qxa3
23.Qh5 Rxf1+ 24.Rxf1 Qxb4 25.Qf7+ Kxd6 26.Rd1+ Ke5 27.Bf2 Bd2 28.Bg3+ Bf4
29.Qg7+ Kxe4 30.Qg6+ Ke5 31.Re1+ Qxe1+ 32.Bxe1  1-0

[Event "Velammal 45th National A ch-IND"]
[Site "Chennai IND"]
[Date "2008.02.11"]
[Round "9"]
[White "Ashwin,J"]
[Black "Sanjay,N"]
[Result "1-0"]
[WhiteElo "2478"]
[BlackElo "2354"]

1.e4 c5 2.Nf3 Nc6 3.Nc3 g6 4.d4 cxd4 5.Nxd4 Bg7 6.Be3 Nf6 7.Bc4 O-O 8.Bb3 a5
9.O-O a4 10.Nxa4 Nxe4 11.Nb5 d5 12.Bb6 Qd7 13.f3 Ne5 14.Nc7 Rxa4 15.fxe4 dxe4
16.Bxa4 Qxa4 17.Nd5 Bg4 18.Nxe7+ Kh8 19.Qd5 Be6 20.Qxb7 Qxc2 21.Ba7 Nc4 22.Rae1 e3
23.b3 Nd2 24.Rf4 g5 25.Ra4 Nc4 26.Qf3 g4 27.Qe2 Qxe2 28.Rxe2 Nb2 29.Rb4 Ra8
30.Bxe3 h5 31.Rb5 Bf6 32.Rxh5+ Kg7 33.Bh6+  1-0

[Event "Velammal 45th National A ch-IND"]
[Site "Chennai IND"]
[Date "2008.02.12"]
[Round "10"]
[White "Thipsay,P"]
[Black "Roy Chowdhury,S"]
[Result "1/2-1/2"]
[WhiteElo "2473"]
[BlackElo "2418"]

1.e4 c5 2.Nf3 Nc6 3.Nc3 e5 4.Bc4 d6 5.d3 h6 6.Nd2 Nf6 7.Nf1 Be7 8.Ne3 O-O
9.O-O Be6 10.Ncd5 Ne8 11.f4 exf4 12.Nxf4 Bxc4 13.dxc4 Bg5 14.Ng6 Ne5 15.Nxf8 Kxf8
16.Nf5 Bxc1 17.Rxc1 g6 18.Ne3 Nf6 19.Qe2 Kg7 20.Rcd1 Qe7 21.Nd5 Nxd5 22.Rxd5 f6
23.b3 Re8 24.Qd2 Nf7 25.Qf4 Qd8 26.Rd3 Re6 27.h4 Qe7 28.Rdf3 Ne5 29.Rg3 h5
30.Re1 Ng4 31.Rxg4 hxg4 32.Qxg4 f5 33.Qg5 Qxg5 34.hxg5 fxe4 35.Kf2 Kf7 36.Ke3 Re5
37.Rh1 Rxg5 38.Rh7+ Ke6 39.Rxb7 Rxg2 40.Rxa7 Rxc2 41.Kxe4  1/2-1/2

[Event "Velammal 45th National A ch-IND"]
[Site "Chennai IND"]
[Date "2008.02.13"]
[Round "11"]
[White "Sethuraman,S"]
[Black "Venkatesh,M"]
[Result "1-0"]
[WhiteElo "2424"]
[BlackElo "2444"]

1.e4 c5 2.Nf3 Nc6 3.Nc3 d6 4.d4 cxd4 5.Nxd4 Nf6 6.Bg5 e6 7.Qd2 Qb6 8.Bxf6 gxf6
9.Nb3 a6 10.f4 Bd7 11.O-O-O O-O-O 12.Be2 Rg8 13.Bh5 Rg7 14.Kb1 Kb8 15.Rhf1 Na5
16.f5 Nc4 17.Qf2 Qc7 18.Rd4 Rc8 19.Ne2 a5 20.Nd2 Nb6 21.Rc1 Qc5 22.Nb3 Qe5
23.Nf4 Nc4 24.Be2 Bb5 25.a4 Ba6 26.g4 d5 27.exd5 exf5 28.gxf5 Qc7 29.Nh5 Rg5
30.Nxf6 Bg7 31.Bxc4 Bxc4 32.Rxc4 Qxc4 33.Nd7+ Kc7 34.Nb6 Rxf5 35.d6+  1-0

[Event "10th TCh-Euro sen"]
[Site "Dresden GER"]
[Date "2008.02.13"]
[Round "3"]
[White "Braun,Go"]
[Black "Olejarczyk,B"]
[Result "1/2-1/2"]
[WhiteElo "2329"]
[BlackElo "2163"]

1.e4 c5 2.Nc3 Nc6 3.Bb5 g6 4.Bxc6 dxc6 5.d3 Bg7 6.Nge2 Nf6 7.O-O O-O 8.Be3 b6
9.h3 e5 10.Qd2 Be6 11.b3 Re8 12.Bh6 b5 13.Bxg7 Kxg7 14.f4 exf4 15.Qxf4 Qe7
16.Rf2 Nd7 17.Raf1 f6 18.Qg3 Bg8 19.Nd1 Qe5 20.Nf4 Kh8 21.Ne3 Rf8 22.Ng4 Qe7
23.h4 Ne5 24.Nxe5 fxe5 25.Nh3 Rxf2 26.Rxf2 Kg7 27.Ng5 Re8 28.h5 c4 29.hxg6 hxg6
30.Nf3 cxd3 31.cxd3 Kh6 32.Rc2 Qd6 33.Qg5+ Kh7 34.Qe3 a5 35.g3 Kg7 36.Qa7+ Re7
37.Qc5 Qf6 38.Rf2 Qe6 39.Rc2 a4 40.bxa4 bxa4 41.a3 Qf6 42.Kg2 Bb3 43.Rc1 Re6
44.Rf1 Qe7 45.Qxe7+ Rxe7 46.Rc1 Re6 47.Kf2 Kf6 48.Ke3 Rd6 49.Rc5 Re6 50.Nh2 Ke7
51.Nf3 Kd6 52.Rc1 Re8 53.Rh1 c5 54.Rh6 Rg8 55.Nd2 Bf7 56.Rh7 Rf8 57.Nb1 c4
58.Nc3 cxd3 59.Kxd3 Bg8 60.Rg7 Rf3+ 61.Kd2 Bf7 62.g4 Be8 63.Rg8 Ke7 64.Rh8 Rg3
65.Nd5+ Kf7 66.Rh7+ Kf8 67.Rh8+ Kf7 68.Rh7+  1/2-1/2

[Event "Velammal 45th National A ch-IND"]
[Site "Chennai IND"]
[Date "2008.02.14"]
[Round "12"]
[White "Gopal,G"]
[Black "Venkatesh,M"]
[Result "1/2-1/2"]
[WhiteElo "2528"]
[BlackElo "2444"]

1.e4 c5 2.Nf3 Nc6 3.Nc3 e5 4.Bc4 Be7 5.d3 d6 6.O-O Nf6 7.Ng5 O-O 8.f4 exf4
9.Bxf4 Na5 10.Qd2 Nxc4 11.dxc4 h6 12.Nf3 Be6 13.b3 Nh5 14.Be3 Re8 15.Rad1 Bf8
16.h3 a6 17.a4 Qe7 18.Rfe1 Rac8 19.Kh2 Qf6 20.Rf1 Qg6 21.g4 Nf6 22.Nh4 Qh7
23.Qg2 Bd7 24.Rxf6 gxf6 25.Nd5 Re6 26.Rf1 Bc6 27.Nxf6+ Rxf6 28.Rxf6 Bg7 29.Rf2 Re8
30.Nf5 Rxe4 31.Qg3 Be5 32.Bf4 Re1 33.Ne7+ Kf8 34.Nxc6 Qe4 35.Qf3 Bxf4+ 36.Qxf4 Qxf4+
37.Rxf4 Re2+ 38.Kg3 bxc6 39.Rf2 Re3+ 40.Kg2 Ke7 41.a5 Ke6 42.Rf3 Re2+ 43.Rf2 Re3
44.Rf3 Re2+ 45.Rf2  1/2-1/2

[Event "Aeroflot Open A2"]
[Site "Moscow RUS"]
[Date "2008.02.14"]
[Round "1"]
[White "Beshukov,S"]
[Black "Iljushin,A"]
[Result "1/2-1/2"]
[WhiteElo "2458"]
[BlackElo "2549"]

1.e4 c5 2.Nc3 Nc6 3.Nge2 d6 4.d4 cxd4 5.Nxd4 Nf6 6.Be2 g6 7.O-O Bg7 8.Nb3 O-O
9.f4 a5 10.a4 Qb6+ 11.Kh1 Be6 12.Nd5 Bxd5 13.exd5 Nb4 14.Bf3 Rac8 15.c3 Nd3
16.Qxd3 Qxb3 17.Re1 Rfe8 18.Ra3 Qb6 19.Re2 Nd7 20.Be3 Qa6 21.Qxa6 bxa6 22.Rd2 Nc5
23.Be2 e5 24.fxe5 Rxe5 25.Bf4 Rf5 26.g3 h5 27.Bf1 g5 28.Bh3 g4 29.Bg2 Re8
30.Rd1 Nd3 31.Rxd3 Re1+ 32.Bf1 Rxf1+ 33.Kg2 Re1 34.Rd2 Be5 35.Bxe5 Rfxe5
36.Rb3 R5e2+ 37.Rxe2 Rxe2+ 38.Kg1 Kg7 39.Rb6 Kf6 40.Rxd6+ Ke5 41.Rd7 Rxb2
42.Rxf7 Ra2 43.c4 Rxa4 44.Re7+ Kd6 45.Re6+ Kc5 46.Rc6+ Kd4 47.d6 Ke3 48.d7 Ra1+
49.Kg2 Ra2+  1/2-1/2

[Event "XXIV Open"]
[Site "Cappelle La Grande FRA"]
[Date "2008.02.16"]
[Round "1"]
[White "Petrosian,TL"]
[Black "Cossin,S"]
[Result "1-0"]
[WhiteElo "2606"]
[BlackElo "2438"]

1.e4 c5 2.Nc3 Nc6 3.Bb5 g6 4.Bxc6 dxc6 5.d3 Bg7 6.Be3 b6 7.f4 c4 8.d4 Nf6
9.h3 b5 10.a3 O-O 11.Qf3 Qa5 12.Rd1 Bb7 13.Rd2 Rab8 14.Nge2 c5 15.dxc5 Nxe4
16.Nxe4 f5 17.c3 Bxe4 18.Qf2 Rfd8 19.Nd4 Bd5 20.O-O Qc7 21.Rfd1 e6 22.Qh4 Re8
23.Nc2 Bf8 24.Qf2 a5 25.Bd4 Rbc8 26.Ne3 Be4 27.a4 Qc6 28.axb5 Qxb5 29.Re1 Bxc5
30.Bxc5 Qxc5 31.Rd4 Bd5 32.Red1 Rb8 33.Qe2 Re7 34.Kh2 Rc8 35.Qd2 Rce8 36.Re1 Qc7
37.Rxd5 exd5 38.Nxd5 Qb7 39.Nxe7+ Rxe7 40.Qd8+ Kf7 41.Qh8 h5 42.Rd1 Qe4 43.Rd4 Qe6
44.Rd8 Re8 45.Qh7+ Kf6 46.Rd7 Re7 47.Qh8+ Kf7 48.Rd4 Qe1 49.Qh7+ Kf6 50.Rd6+ Re6
51.Qg8  1-0

[Event "10th TCh-Euro sen"]
[Site "Dresden GER"]
[Date "2008.02.16"]
[Round "6"]
[White "Niebling,F"]
[Black "Buxade Roca,G"]
[Result "0-1"]
[WhiteElo "2225"]
[BlackElo "2199"]

1.e4 c5 2.Nc3 Nc6 3.Bb5 Nd4 4.Nf3 a6 5.Be2 e6 6.O-O Ne7 7.Re1 d6 8.d3 Nec6
9.Bf1 g6 10.Nxd4 cxd4 11.Ne2 Bg7 12.Bd2 O-O 13.c3 d5 14.exd5 Qxd5 15.c4 Qd6
16.Ng3 f5 17.Rb1 Bd7 18.b4 Rfe8 19.Be2 e5 20.Bf3 Nd8 21.Bd5+ Be6 22.Bxe6+ Nxe6
23.Qf3 Qc6 24.Qxc6 bxc6 25.a4 Reb8 26.a5 Rb7 27.Ne2 Rab8 28.Nc1 Kf7 29.Ra1 Kf6
30.Kf1 Bf8 31.c5 g5 32.Na2 Nc7 33.Re2 Bg7 34.Rae1 Kg6 35.g3 g4 36.Rxe5 Bxe5
37.Rxe5 Re8 38.Rxe8 Nxe8 39.Bf4 Nf6 40.Be5 Nd5 41.Bxd4 Nxb4 42.Nc3 Nxd3 43.Ke2 Nc1+
44.Kd2 Nb3+ 45.Kd3 Rd7 46.Ne2 Nxc5+ 47.Kc4 Ne6  0-1

[Event "79th ch-GER"]
[Site "Bad Woerishofen GER"]
[Date "2008.02.17"]
[Round "3"]
[White "Salov,S"]
[Black "Tischbierek,R"]
[Result "0-1"]
[WhiteElo "2279"]
[BlackElo "2487"]

1.e4 c5 2.Nf3 Nc6 3.Nc3 d6 4.d4 cxd4 5.Nxd4 Nf6 6.Bc4 Qb6 7.Nxc6 bxc6 8.O-O g6
9.Qe1 Qc7 10.b3 Bg7 11.Bb2 O-O 12.Kh1 Bb7 13.Rd1 Rad8 14.Bd3 e5 15.Ne2 d5
16.Ng3 Rfe8 17.c4 d4 18.Bc1 Nd7 19.Bg5 Ra8 20.Qd2 c5 21.Bh6 Bh8 22.h4 a5
23.a4 Ra6 24.Qe2 Bc8 25.Bd2 Nf6 26.Rg1 h5 27.Nf1 Nh7 28.g3 Bg7 29.f3 f5 30.Nh2 Nf6
31.Bg5 Nh7 32.Bd2 Kh8 33.g4 hxg4 34.fxg4 fxe4 35.Bxe4 Rf6 36.Rdf1 Rf4 37.Bg2 Rxf1
38.Rxf1 e4 39.Bf4 Qb7 40.Kg1 Qxb3 41.h5 g5 42.Bd6 d3 43.Qd1 Bd4+ 44.Kh1 Qxd1
45.Rxd1 Nf6  0-1

[Event "79th ch-GER"]
[Site "Bad Woerishofen GER"]
[Date "2008.02.17"]
[Round "3"]
[White "Paehtz,E"]
[Black "Bischoff,D"]
[Result "1-0"]
[WhiteElo "2420"]
[BlackElo "2155"]

1.e4 c5 2.Nc3 Nc6 3.Bb5 d6 4.Bxc6+ bxc6 5.f4 Nf6 6.d3 g6 7.b3 Bg7 8.Bd2 O-O
9.Nf3 Nh5 10.e5 Bg4 11.h3 Bxf3 12.Qxf3 dxe5 13.fxe5 Bxe5 14.O-O-O Qd4 15.Qxc6 Nf6
16.Rhe1 Rab8 17.Qf3 Rfd8 18.g4 Nd5 19.Re4 Nxc3 20.Rxd4 Bxd4 21.Rf1 Nxa2+
22.Kb1 Rd6 23.Qxf7+ Kh8 24.Qxe7  1-0

[Event "TCh-BEL 2007-8"]
[Site "Belgium BEL"]
[Date "2008.02.17"]
[Round "9"]
[White "Knoppert,E"]
[Black "Leenhouts,K"]
[Result "1/2-1/2"]
[WhiteElo "2330"]
[BlackElo "2394"]

1.e4 c5 2.Ne2 Nc6 3.Nbc3 e6 4.g3 g6 5.Bg2 Bg7 6.O-O Nge7 7.d3 O-O 8.Be3 d6
9.Qd2 Nd4 10.Rae1 Nec6 11.Nd1 Bd7 12.Nc1 Ne5 13.f4 Ng4 14.c3 Nc6 15.h3 Nxe3
16.Nxe3 b5 17.g4 Qh4 18.Ne2 e5 19.f5 Bh6 20.Kh1 Nd4 21.Ng1 Bf4 22.Rxf4 exf4
23.Nd5 f3 24.cxd4 f2 25.Rf1 fxg1=Q+ 26.Kxg1 Bc6 27.dxc5 Bxd5 28.exd5 dxc5
29.Qe3 Rfe8 30.Qf2 Qxf2+ 31.Kxf2 gxf5 32.gxf5 Re5 33.Be4 Kg7 34.Ke3 Kf6 35.Rc1 c4
36.Kd4 Rae8 37.b3 cxd3 38.Rc6+ Kg5 39.Bxd3 Kf4 40.Bxb5 Rxf5 41.Bd3 Rh5 42.Rf6+ Kg3
43.Rxf7 Rh4+ 44.Kc5 Rc8+ 45.Kb5 Rb8+ 46.Ka5 Rxh3 47.Bxh7 Rh2 48.a4 Rxb3 49.Rxa7 Rh5
50.Bg8 Kf4 51.Re7 Rg5 52.Be6 Ke5 53.Ka6 Ra3 54.a5 Rg1 55.Rb7 Kd6 56.Rb6+ Kc5
57.Rc6+ Kb4 58.Rb6+ Kc5 59.Rb5+ Kd6 60.Kb6  1/2-1/2

[Event "2nd Int Open Congress"]
[Site "Brentwood ENG"]
[Date "2008.02.17"]
[Round "4"]
[White "Ledger,D"]
[Black "Gibbs,D"]
[Result "1-0"]
[WhiteElo "2277"]
[BlackElo "1990"]

1.e4 c5 2.Nc3 Nc6 3.Bb5 Nd4 4.Bc4 g6 5.Nf3 Bg7 6.Nxd4 cxd4 7.Qf3 e6 8.Nb5 d6
9.Qa3 Ke7 10.c3 dxc3 11.dxc3 a6 12.Be2 e5 13.Be3 axb5 14.Qxa8 Nf6 15.f3 Qc7
16.Qa3 Bd7 17.Rd1 Ne8 18.Qb4 Qc6 19.Rd5 Qa6 20.Bxb5 Bxb5 21.Rxb5  1-0

[Event "XXIV Open"]
[Site "Cappelle La Grande FRA"]
[Date "2008.02.17"]
[Round "2"]
[White "Pereira,Rub"]
[Black "Kojima,S"]
[Result "1-0"]
[WhiteElo "2423"]
[BlackElo "2205"]

1.e4 c5 2.Nc3 Nc6 3.Bb5 g6 4.Nge2 Bg7 5.O-O Nf6 6.d3 O-O 7.f4 d6 8.Bxc6 bxc6
9.Qe1 Rb8 10.b3 e6 11.Kh1 Re8 12.e5 Nd5 13.Ng1 dxe5 14.fxe5 Nxc3 15.Qxc3 Qd4
16.Qxd4 cxd4 17.Nf3 c5 18.Bf4 Bb7 19.Nd2 Bd5 20.Rae1 Red8 21.Bg5 Rd7 22.h4 Bf8
23.Kh2 Be7 24.Bxe7 Rxe7 25.Rf6 Kg7 26.Kg3 a5 27.a4 Rbb7 28.Rg1 Re8 29.Kf2 Rd7
30.Nb1 Bb7 31.Na3 Ba6 32.Kg3 Rd5 33.Kf4 Red8 34.Re1 h6 35.g4 R5d7 36.Rf1 Rh8
37.Nb1 Bb7 38.Kg3 Re8 39.Nd2 Bd5 40.Kf2 Rb8 41.Rg1 Rh8 42.Kg3 Rb8 43.Rgf1 Rh8
44.R1f2 Rhd8 45.Rh2 Rh8 46.Rf4 Rdd8 47.Kf2 g5 48.Rf6 h5 49.hxg5 h4 50.Kg1 Rdg8
51.Rhf2 h3 52.Kh2 Rh4 53.Kg3 h2 54.Rxh2 Rxh2 55.Kxh2 Kf8 56.Kg3 Rxg5 57.Kf4 Rg6
58.Rxg6 fxg6 59.Kg5 Kg7 60.Ne4 c4 61.bxc4 Bc6 62.Nc5 Kf7 63.Kf4 Ke7 64.g5 Kd8
65.Nxe6+ Kd7 66.Nxd4 Bxa4 67.Nb3 Kc7 68.e6 Kd6 69.d4 Be8 70.Nxa5 Kxe6 71.Ke4 Ba4
72.Nb3 Kd6 73.d5 Bd7 74.c5+ Kc7 75.Nd4  1-0

[Event "1st Pfalz Open"]
[Site "Neustadt a.d. Weinstrasse GER"]
[Date "2008.02.17"]
[Round "2"]
[White "Teske,H"]
[Black "Schmidt,Ca"]
[Result "1-0"]
[WhiteElo "2493"]
[BlackElo "2155"]

1.e4 c5 2.Nf3 Nc6 3.Nc3 e5 4.Bc4 Be7 5.d3 Nf6 6.Ng5 O-O 7.f4 d5 8.exd5 Bg4
9.Qd2 Nb4 10.fxe5 Nfxd5 11.Nxd5 Nxd5 12.O-O Bh5 13.Bb3 h6 14.Nh3 Kh8 15.Qf2 f6
16.e6 g5 17.Qf5 Nb6 18.Nf4 Qd4+ 19.Kh1 Be8 20.c3 Qe5 21.Ng6+ Bxg6 22.Qxg6 c4
23.dxc4 Qe2 24.Qxh6+ Kg8 25.Qg6+ Kh8 26.Bxg5 fxg5 27.Rf7  1-0

[Event "Stillwater Winter FIDE"]
[Site "Oklahoma USA"]
[Date "2008.02.17"]
[Round "3"]
[White "Nugent,M"]
[Black "Simms,G"]
[Result "1-0"]
[WhiteElo "1915"]
[BlackElo "2128"]

1.e4 c5 2.Nf3 Nc6 3.Nc3 d6 4.d4 cxd4 5.Nxd4 Qb6 6.Nb3 Nf6 7.Be3 Qc7 8.f3 a6
9.Qd2 e6 10.Be2 Be7 11.g4 b5 12.g5 b4 13.Na4 Nd7 14.f4 Bb7 15.Bd3 a5 16.Qe2 Nd8
17.Nd4 Nc5 18.Nxc5 dxc5 19.Nb5 Qb6 20.O-O-O a4 21.Rhf1 Nc6 22.f5 Ne5 23.f6 gxf6
24.gxf6 Bf8 25.Bf4 Nd7 26.Nc7+ Kd8 27.Nxa8 Bxa8 28.Bb5 Bc6 29.Rxd7+ Kxd7
30.Rd1+ Kc8 31.Ba6+ Bb7 32.Qd3  1-0

[Event "US Amateur Team-ch East"]
[Site "Parsippany USA"]
[Date "2008.02.17"]
[Round "4"]
[White "Perelshteyn,E"]
[Black "Coleman,T"]
[Result "1-0"]
[WhiteElo "2551"]
[BlackElo "2244"]

1.e4 c5 2.Nc3 Nc6 3.Nge2 e5 4.g3 g6 5.Bg2 Bg7 6.d3 Nge7 7.O-O O-O 8.f4 d6
9.h3 Rb8 10.g4 exf4 11.Bxf4 b5 12.Qd2 b4 13.Nd5 Nxd5 14.exd5 Nd4 15.Ng3 f5
16.g5 Rb7 17.c3 bxc3 18.bxc3 Nb5 19.Rfc1 Na3 20.Re1 Qa5 21.Rac1 Qa6 22.Kh2 Rd8
23.h4 Bd7 24.h5 Be8 25.h6 Bh8 26.Re2 Bf7 27.c4 Rdb8 28.Qe1 Kf8 29.Rc3 Nb1
30.Rb3 Rxb3 31.axb3 Nc3 32.Re7 Rd8 33.Rxf7+ Kxf7 34.Qe6+ Kf8 35.Nxf5 gxf5
36.g6 hxg6 37.h7  1-0

[Event "XXIV Open"]
[Site "Cappelle La Grande FRA"]
[Date "2008.02.19"]
[Round "5"]
[White "Zubarev,Al1"]
[Black "Melia,S"]
[Result "1-0"]
[WhiteElo "2491"]
[BlackElo "2362"]

1.e4 c5 2.Nc3 Nc6 3.Nf3 d6 4.d4 cxd4 5.Nxd4 Nf6 6.Be2 e5 7.Nf3 h6 8.O-O Be7
9.Re1 O-O 10.h3 Be6 11.Bf1 Qd7 12.Nd5 Bd8 13.Nxf6+ Bxf6 14.c4 Bd8 15.Be3 Ba5
16.Nd2 Bb4 17.a3 Bc5 18.b4 Bxe3 19.Rxe3 a5 20.Rb1 axb4 21.axb4 Ra2 22.Nf3 Qc7
23.Rc3 Rd8 24.Qc1 Ra4 25.Rcb3 Ne7 26.R3b2 Rc8 27.Qd1 Raa8 28.Rd2 Rd8 29.Rc1 b6
30.Rc3 Rd7 31.Qc1 Nc6 32.Rb2 Qa7 33.c5 bxc5 34.bxc5 Nd4 35.Nxd4 exd4 36.Rg3 Kh8
37.c6 Rc7 38.Kh2 Rac8 39.Bb5 Qc5 40.Qd2 Bc4 41.Bxc4 Qxc4 42.Rb4 Qc5 43.Rxd4 Rxc6
44.Rd5 Qa7 45.Rh5 Kg8 46.Qxh6 Kf8 47.Qxg7+  1-0

[Event "10th TCh-Euro sen"]
[Site "Dresden GER"]
[Date "2008.02.19"]
[Round "9"]
[White "Tseshkovsky,V"]
[Black "Baumbach,F"]
[Result "1-0"]
[WhiteElo "2504"]
[BlackElo "2290"]

1.e4 c5 2.Nc3 Nc6 3.Bb5 g6 4.f4 Bg7 5.Bxc6 dxc6 6.Nf3 c4 7.Qe2 b5 8.a4 Qa5
9.Ra2 Qb4 10.axb5 cxb5 11.Qe3 Bxc3 12.dxc3 Qd6 13.Rxa7 Rxa7 14.Qxa7 Qc6 15.Qd4 Nf6
16.e5 Nd5 17.O-O O-O 18.Qa7 Qb6+ 19.Qxb6 Nxb6 20.Nd4 Bd7 21.f5 gxf5 22.Nxf5 Bxf5
23.Rxf5 e6 24.Rf3 h5 25.Rg3+ Kh7 26.Rg5 h4 27.Rh5+ Kg6 28.Rxh4 Ra8 29.Rg4+ Kf5
30.Rf4+ Kg6 31.Rf6+ Kg7 32.Bh6+ Kg8 33.Rf1 Ra2 34.Rb1 Kh7 35.Bc1 Kg6 36.g4 Nd7
37.Bf4 Nb6 38.h4 Nd5 39.h5+ Kh7 40.Bd2 f6 41.Rf1 fxe5 42.g5 Ra7 43.g6+ Kg7
44.Bg5 Rd7 45.Re1 Nf6 46.Bxf6+ Kxf6 47.Kf2 Rd2+ 48.Kg3  1-0

[Event "6th Festival Gp B"]
[Site "Nancy FRA"]
[Date "2008.02.19"]
[Round "2"]
[White "Genzling,A"]
[Black "Gladyszev,O"]
[Result "1/2-1/2"]
[WhiteElo "2264"]
[BlackElo "2485"]

1.e4 c5 2.Nf3 Nc6 3.Nc3 Nf6 4.Bb5 g6 5.Bxc6 dxc6 6.d3 Bg7 7.h3 O-O 8.Be3 b6
9.Qd2 e5 10.Bh6 Qd6 11.g4 a5 12.a4 Re8 13.Nh4 Bxh6 14.Qxh6 c4 15.O-O-O Qc5
16.dxc4 Qxc4 17.Rhe1 b5 18.axb5 cxb5 19.g5 Nh5 20.Nd5 Qc5 21.Nf5 Bxf5 22.exf5 Rac8
23.Rd2 a4 24.Nf6+ Nxf6 25.gxf6 Qf8 26.Qxf8+ Kxf8 27.Rd5 Rc6 28.Rxb5 Rxf6
29.Rexe5 Rd8 30.Rbd5 Rb8 31.Rb5 Rd8 32.Red5 Rc8 33.Rbc5 Rb8 34.Rd4 Ra6 35.fxg6 hxg6
36.Rc7 Rf6 37.f4 Ra8 38.Rc3 Rfa6 39.Ra3 Ke7 40.Kd2 Ke6 41.Re3+  1/2-1/2

[Event "XXIV Open"]
[Site "Cappelle La Grande FRA"]
[Date "2008.02.20"]
[Round "6"]
[White "Reinaldo Castineira,R"]
[Black "Igla,B"]
[Result "1-0"]
[WhiteElo "2473"]
[BlackElo "2270"]

1.e4 c5 2.Nc3 Nc6 3.Nge2 g6 4.d4 cxd4 5.Nxd4 Bg7 6.Be3 Nf6 7.Bc4 O-O 8.Bb3 Ng4
9.Qxg4 Nxd4 10.Qh4 d6 11.Nd5 Nc6 12.c3 e6 13.Qxd8 Rxd8 14.Nc7 Rb8 15.Bg5 Rd7
16.Ne8 Na5 17.O-O-O Nxb3+ 18.axb3 b5 19.Rxd6 Rxd6 20.Nxd6 Bd7 21.Rd1 Bc6
22.f3 Be5 23.g3 f5 24.exf5 Bxf3 25.Rd3 Bxd6 26.fxe6 Bxg3 27.e7 Re8 28.hxg3 Bg4
29.Rd4 Be6 30.c4 h6 31.Bf6 g5 32.Rd8 Kf7 33.c5 Bxb3 34.c6 a5 35.c7 Be6 36.Kd2 b4
37.b3 Bf5 38.Kc1 Be6 39.Kc2 Bf5+ 40.Kd2 Bg4 41.Kd3 Be6 42.Kd4  1-0

[Event "XXIV Open"]
[Site "Cappelle La Grande FRA"]
[Date "2008.02.20"]
[Round "6"]
[White "Gashimov,V"]
[Black "Zinchenko,Ya"]
[Result "1-0"]
[WhiteElo "2665"]
[BlackElo "2516"]

1.e4 c5 2.Nf3 Nc6 3.Nc3 e5 4.Bc4 Be7 5.d3 d6 6.O-O Nf6 7.h3 O-O 8.a3 h6 9.Rb1 Be6
10.b4 b6 11.Nd5 Nd4 12.bxc5 Bxd5 13.exd5 Nxf3+ 14.Qxf3 dxc5 15.Re1 Bd6 16.Bb2 Re8
17.Bb5 Re7 18.Bc6 Rc8 19.Qf5 Nd7 20.f4 f6 21.Re4 Nb8 22.Ba4 Qc7 23.Rbe1 Rf8
24.c4 a6 25.Qg6 exf4 26.Rxe7 Bxe7 27.Bd1 Bd6 28.Bg4 Be5 29.Be6+ Kh8 30.Bf5  1-0

[Event "18th ch-IRI"]
[Site "Tehran IRI"]
[Date "2008.02.20"]
[Round "6"]
[White "Salehian,Si"]
[Black "Momeni,E"]
[Result "0-1"]
[WhiteElo "2101"]
[BlackElo "2263"]

1.e4 c5 2.Nc3 Nc6 3.Bb5 Qb6 4.d3 e6 5.Nge2 a6 6.Bxc6 Qxc6 7.O-O b5 8.Qe1 d6
9.f4 b4 10.Nd1 Ne7 11.Ne3 d5 12.exd5 Nxd5 13.Nc4 Be7 14.Ng3 O-O 15.Bd2 Bh4
16.Rf3 Qc7 17.Qe5 Qe7 18.Nh5 f6 19.Qe2 g6 20.Rh3 f5 21.Ng3 Bf6 22.Re1 Bd4+
23.Kh1 Re8 24.Nf1 Qc7 25.Qf3 Bb7 26.Qg3 Rad8 27.Bc1 Nf6 28.Be3 Ng4 29.Bxd4 cxd4
30.Nfd2 Bd5 31.b3 Rd7 32.Nf3 Bxc4 33.bxc4 Qa5 34.Re2 Qxa2 35.Qe1 b3 36.cxb3 Qxb3
37.Rg3 Qb6 38.h3 Nf6 39.Ne5 Ra7 40.Rg5 a5 41.Qg3 Rg7 42.Qf2 a4 43.g4 a3 44.gxf5 exf5
45.Rg2 Ra8 46.Rc2 Rga7 47.c5 Qa5 48.Ra2 Qxc5 49.Qh4 Kg7 50.Qg5 Qc1+ 51.Kh2 Nd5
52.Raf2 Ra6 53.Qxf5 Ne3 54.Qf7+ Kh8 55.Rg1 Qc8 56.Ra1 R8a7 57.Qb3 Rb7 58.Qa2 Kg7
59.Rb1 Rc7 60.Qa1 Rc2 61.Qxd4 Rxf2+ 62.Kg1 Rg2+ 63.Kh1 Qxh3+  0-1

[Event "6th Festival Gp B"]
[Site "Nancy FRA"]
[Date "2008.02.21"]
[Round "6"]
[White "Ramaswamy,A"]
[Black "Gladyszev,O"]
[Result "1/2-1/2"]
[WhiteElo "2322"]
[BlackElo "2485"]

1.e4 c5 2.Nf3 Nc6 3.Nc3 Nf6 4.Bb5 g6 5.h3 Bg7 6.e5 Ng8 7.Bxc6 dxc6 8.d3 Nh6
9.Be3 b6 10.g4 f6 11.exf6 exf6 12.Qe2 O-O 13.O-O-O f5 14.g5 Nf7 15.Bf4 Re8
16.Qd2 b5 17.Rhe1 Be6 18.Ne5 Qa5 19.a3 b4 20.Nb1 Qb6 21.a4 Qa6 22.Nxf7 Kxf7
23.b3 Bd5 24.Bd6 Bd4 25.Qf4 Qb7 26.Nd2 Qd7  1/2-1/2